MARC details
| 000 -LEADER |
| campo de control de longitud fija |
01780nam a2200481 i 4500 |
| 001 - NÚMERO DE CONTROL |
| campo de control |
MOR01000097843 |
| 005 - FECHA Y HORA DE LA ÚLTIMA TRANSACCIÓN |
| campo de control |
20260331150034.0 |
| 008 - DATOS DE LONGITUD FIJA--INFORMACIÓN GENERAL |
| campo de control de longitud fija |
131008s2013 sp g bi 000 0 spa d |
| 020 ## - NÚMERO INTERNACIONAL ESTÁNDAR DEL LIBRO |
| Número Internacional Estándar del Libro |
9788492820924 |
| 035 ## - NÚMERO DE CONTROL DEL SISTEMA |
| Número de control de sistema |
132105 |
| 040 ## - FUENTE DE CATALOGACIÓN |
| Centro catalogador/agencia de origen |
mxcmmo |
| Lengua de catalogación |
eng |
| Centro/agencia transcriptor |
mxcmmo |
| Normas de descripción |
rda |
| 043 ## - CÓDIGO DE ÁREA GEOGRÁFICA |
| Código de área geográfica |
e-sp--- |
| 045 ## - PERIODO DE TIEMPO DEL CONTENIDO |
| Código de periodo de tiempo |
v7v8 |
| 082 04 - NÚMERO DE LA CLASIFICACIÓN DECIMAL DEWEY |
| Número de clasificación |
336.946 |
| -- |
TOR.p |
| 100 1# - ENTRADA PRINCIPAL--NOMBRE DE PERSONA |
| Nombre de persona |
Torres Sanchez, Rafael |
| Fechas asociadas al nombre |
1953- |
| Término indicativo de función/relación |
autor |
| 9 (RLIN) |
60563 |
| 245 13 - MENCIÓN DEL TÍTULO |
| Título |
El precio de la guerra |
| Resto del título |
: el estado fiscal-militar de Carlos III (1779-1783)/ |
| Mención de responsabilidad, etc. |
Rafael Torres Sánchez |
| 264 #1 - PRODUCCIÓN, PUBLICACIÓN, DISTRIBUCIÓN, FABRICACIÓN Y COPYRIGHT |
| Producción, publicación, distribución, fabricación y copyright |
Madrid: |
| Nombre del de productor, editor, distribuidor, fabricante |
Marcial Pons, |
| Fecha de producción, publicación, distribución, fabricación o copyright |
2013 |
| 300 ## - DESCRIPCIÓN FÍSICA |
| Extensión |
459 páginas; |
| Dimensiones |
22 cm |
| 336 ## - TIPO DE CONTENIDO |
| Término de tipo de contenido |
texto |
| Código de tipo de contenido |
txt |
| Fuente |
rdacontent |
| 337 ## - TIPO DE MEDIO |
| Nombre/término del tipo de medio |
sin medio |
| Código del tipo de medio |
n |
| Fuente |
rdamedia |
| 338 ## - TIPO DE SOPORTE |
| Nombre/término del tipo de soporte |
volumen |
| Código del tipo de soporte |
nc |
| Fuente |
rdacarrier |
| 490 0# - MENCIÓN DE SERIE |
| Mención de serie |
Historia (Marcial Pons). Estudios |
| 504 ## - NOTA DE BIBLIOGRAFÍA, ETC. |
| Nota de bibliografía, etc. Nota |
Incluye referencias bibliográficas [páginas 421-448] e índice |
| 650 #7 - PUNTO DE ACCESO ADICIONAL DE MATERIA--TÉRMINO DE MATERIA |
| Término de materia o nombre geográfico como elemento de entrada |
Deuda pública |
| Subdivisión geográfica |
España |
| Subdivisión general |
Historia |
| 9 (RLIN) |
67733 |
| 650 #7 - PUNTO DE ACCESO ADICIONAL DE MATERIA--TÉRMINO DE MATERIA |
| Término de materia o nombre geográfico como elemento de entrada |
Impuestos |
| Subdivisión geográfica |
Espana |
| Subdivisión general |
Historia |
| 9 (RLIN) |
84896 |
| 650 #7 - PUNTO DE ACCESO ADICIONAL DE MATERIA--TÉRMINO DE MATERIA |
| Término de materia o nombre geográfico como elemento de entrada |
Política fiscal |
| Subdivisión geográfica |
España |
| Subdivisión general |
Historia |
| 9 (RLIN) |
122898 |
| 651 #7 - PUNTO DE ACCESO ADICIONAL DE MATERIA--NOMBRE GEOGRÁFICO |
| Nombre geográfico |
España |
| Subdivisión general |
Historia |
| Subdivisión cronológica |
Carlos III, 1759-1788 |
| 9 (RLIN) |
1488 |
| 651 #7 - PUNTO DE ACCESO ADICIONAL DE MATERIA--NOMBRE GEOGRÁFICO |
| Nombre geográfico |
España |
| Subdivisión general |
Política económica |
| Subdivisión cronológica |
1759-1788 |
| 9 (RLIN) |
87551 |
| 651 #7 - PUNTO DE ACCESO ADICIONAL DE MATERIA--NOMBRE GEOGRÁFICO |
| Nombre geográfico |
España |
| Subdivisión general |
Política y gobierno |
| Subdivisión cronológica |
1778-1808 |
| 9 (RLIN) |
16817 |
| 900 ## - ELEMENTOS DE DATOS A LOCAL, LDA (RLIN) |
| Nombre de persona |
CATY |
| Numeración |
30 |
| Títulos y otros términos asociados al nombre |
20131106 |
| Lenguaje de la obra |
MOR01 |
| -- |
1036 |
| 900 ## - ELEMENTOS DE DATOS A LOCAL, LDA (RLIN) |
| Nombre de persona |
LUIS |
| Numeración |
02 |
| Títulos y otros términos asociados al nombre |
20131008 |
| Lenguaje de la obra |
MOR01 |
| -- |
1107 |
| 900 ## - ELEMENTOS DE DATOS A LOCAL, LDA (RLIN) |
| Nombre de persona |
LUIS |
| Numeración |
02 |
| Títulos y otros términos asociados al nombre |
20131008 |
| Lenguaje de la obra |
MOR01 |
| -- |
1107 |
| 900 ## - ELEMENTOS DE DATOS A LOCAL, LDA (RLIN) |
| Nombre de persona |
MARC21 |
| Numeración |
40 |
| Títulos y otros términos asociados al nombre |
20131106 |
| Lenguaje de la obra |
MOR01 |
| -- |
1045 |
| 900 ## - ELEMENTOS DE DATOS A LOCAL, LDA (RLIN) |
| Nombre de persona |
MARC21 |
| Numeración |
40 |
| Títulos y otros términos asociados al nombre |
20160311 |
| Lenguaje de la obra |
MOR01 |
| -- |
1001 |
| 900 ## - ELEMENTOS DE DATOS A LOCAL, LDA (RLIN) |
| Nombre de persona |
MARC21 |
| Numeración |
40 |
| Títulos y otros términos asociados al nombre |
20170907 |
| Lenguaje de la obra |
MOR01 |
| -- |
1259 |
| 900 ## - ELEMENTOS DE DATOS A LOCAL, LDA (RLIN) |
| Nombre de persona |
MARC21 |
| Numeración |
40 |
| Títulos y otros términos asociados al nombre |
20170907 |
| Lenguaje de la obra |
MOR01 |
| -- |
1259 |
| 900 ## - ELEMENTOS DE DATOS A LOCAL, LDA (RLIN) |
| Nombre de persona |
VOBO |
| Numeración |
40 |
| Títulos y otros términos asociados al nombre |
20131106 |
| Lenguaje de la obra |
MOR01 |
| -- |
1051 |
| 900 ## - ELEMENTOS DE DATOS A LOCAL, LDA (RLIN) |
| Nombre de persona |
VOBO |
| Numeración |
40 |
| Títulos y otros términos asociados al nombre |
20131106 |
| Lenguaje de la obra |
MOR01 |
| -- |
1053 |
| 900 ## - ELEMENTOS DE DATOS A LOCAL, LDA (RLIN) |
| Nombre de persona |
VOBO |
| Numeración |
40 |
| Títulos y otros términos asociados al nombre |
20131106 |
| Lenguaje de la obra |
MOR01 |
| -- |
1053 |
| 900 ## - ELEMENTOS DE DATOS A LOCAL, LDA (RLIN) |
| Nombre de persona |
VOBO |
| Numeración |
40 |
| Títulos y otros términos asociados al nombre |
20131106 |
| Lenguaje de la obra |
MOR01 |
| -- |
1100 |
| 904 ## - ELEMENTOS DE DATOS D LOCAL, LDD (RLIN) |
| a |
UPDATE |
| 942 ## - ELEMENTOS DE ENTRADA SECUNDARIOS (KOHA) |
| Código de la institución [OBSOLETO] |
BK |
| 901 ## - ELEMENTOS DE DATOS A LOCAL LDA (RLIN) |
| a |
batch batch |